Las consecuencias económicas y sociales de las políticas económicas ortodoxas aplicadas en la República Argentina durante los años de postguerra (Registro nro. 16008)

Detalles MARC
000 -LEADER
fixed length control field 00468 a2200121 4500
001 - CONTROL NUMBER
control field ART_2833
005 - DATE AND TIME OF LATEST TRANSACTION
control field 20260410161710.0
008 - FIXED-LENGTH DATA ELEMENTS--GENERAL INFORMATION
fixed length control field 260409a
100 1# - MAIN ENTRY--PERSONAL NAME
Personal name Eshag, Eprime
245 10 - TITLE STATEMENT
Title Las consecuencias económicas y sociales de las políticas económicas ortodoxas aplicadas en la República Argentina durante los años de postguerra
700 1# - ADDED ENTRY--PERSONAL NAME
Personal name Thorp, Rosemary
773 0# - HOST ITEM ENTRY
Title Desarrollo económico
Related parts - Vol. 4, Nº 16 (abr./jun. 1965)
Record control number REV1174

No hay ítems disponibles.